Report of The Committee On Roads and Transportation on The 2026 Budget Estimates of The Ministry of Roads and Highways (Record no. 5809)

MARC details
000 -LEADER
fixed length control field 00650nam a22001697a 4500
003 - CONTROL NUMBER IDENTIFIER
control field OSt
005 - DATE AND TIME OF LATEST TRANSACTION
control field 20251210120916.0
008 - FIXED-LENGTH DATA ELEMENTS--GENERAL INFORMATION
fixed length control field 251203b |||||||| |||| 00| 0 eng d
041 ## - LANGUAGE CODE
Language code of text/sound track or separate title English
082 ## - DEWEY DECIMAL CLASSIFICATION NUMBER
Classification number Acc No: 12,009 CR/MRH/25
110 ## - MAIN ENTRY--CORPORATE NAME
Corporate name or jurisdiction name as entry element Committee on Roads and Transportation
245 ## - TITLE STATEMENT
Title Report of The Committee On Roads and Transportation on The 2026 Budget Estimates of The Ministry of Roads and Highways
260 ## - PUBLICATION, DISTRIBUTION, ETC.
Place of publication, distribution, etc. Accra:
Name of publisher, distributor, etc. Parliament of Ghana,
Date of publication, distribution, etc. 2025.
300 ## - PHYSICAL DESCRIPTION
Extent 18p.;tabs.
653 ## - INDEX TERM--UNCONTROLLED
Uncontrolled term Report of The Committee On Roads and Transportation on The 2026 Budget Estimates of The Ministry of Roads and Highway
942 ## - ADDED ENTRY ELEMENTS (KOHA)
Source of classification or shelving scheme Dewey Decimal Classification
Koha item type Committee Reports
Suppress in OPAC No
Holdings
Withdrawn status Lost status Source of classification or shelving scheme Damaged status Not for loan Home library Current library Shelving location Date acquired Total checkouts Full call number Date last seen Copy number Price effective from Koha item type
    Dewey Decimal Classification     Main Library Main Library Open Shelves 03/12/2025   Acc No: 12,009 CR/MRH/25 03/12/2025 1 03/12/2025 Committee Reports
    Dewey Decimal Classification     Main Library Main Library Open Shelves 03/12/2025   Acc No: 12,010 CR/MRH/25 03/12/2025 2 03/12/2025 Committee Reports
©2026  Parliament of Ghana Library - All rights reserved